Statistics for Norway... Or Sweden?

Click here to take the quiz!

General Stats

  • This quiz has been taken 265 times
  • The average score is 10 of 15

Answer Stats

QuestionAnswer% Correct
Is connected to Denmark via bridgeSweden
91%
Famous for their musicians; home of Roxette, Mando Diao and many other musical exportsSweden
89%
Is part of the EUSweden
82%
Each year, the Nobel Prizes for Medicine, Physics, Chemistrya and Literature are awarded in its capitalSweden
80%
The number of provinces in this country will be reduced in 2020 due to fusionsNorway
79%
Has the highest Human Development Index (HDI) of the worldNorway
77%
Each year, the Nobel Peace Prize is awarded in its capitalNorway
72%
Borders the Baltic SeaSweden
71%
Is part of NATONorway
69%
And last, but not least: Its language exists in four varieties of which two are officially recognizedNorway
68%
Has a king as the Head of StateBoth
67%
They have a giant model of the solar system all over the country, with a spheric concert arena in the capital being the sunSweden
65%
If you wanted to drive from its capital to Pyöngyang, you would only have to pass two bordersNorway
63%
Borders the North SeaBoth
32%
Home to FjordsBoth
15%

Score Distribution

Percentile by Number Answered

Percent of People with Each Score

Your Score History

You have not taken this quiz